000 00292nam a22001337a 4500
008 181001b xxu||||| |||| 00| 0 eng d
020 _a9781256579564
041 _aeng
080 _a330.722.6
100 _a61
101 _aKF
245 _aCollege accounting
_cKursh,S.R
942 _2udc
_cBK
999 _c48729
_d48729